Moderné viacfázové ocele so zvýšenou pevnosťou : Bakalárska práca

Enregistré dans:
Détails bibliographiques
Auteur principal: Ďorďová, Barbora (Auteur)
Autres auteurs: Grgač, Peter, 1952- (xxx)
Format: Manuscrit Livre
Langue:slovaque
Publié: Trnava : STU v Bratislave MtF KMI, 2006
Sujets:
Tags: Ajouter un tag
Pas de tags, Soyez le premier à ajouter un tag!

MARC

LEADER 00000ntm a22000003a 4500
001 stu132596
005 20160719155546.7
008 061218s2006----xo------------------slo-d
040 |a STU  |b slo 
041 0 |a slo 
044 |a xo 
100 1 |a Ďorďová, Barbora  |4 aut 
245 1 |a Moderné viacfázové ocele so zvýšenou pevnosťou :  |b Bakalárska práca 
260 |a Trnava :  |b STU v Bratislave MtF KMI,  |c 2006 
300 |a 37 s  |c 1 CD-ROM 
650 7 |a materiálové inžinierstvo  |2 stusub 
700 1 |a Grgač, Peter,  |d 1952-  |4 xxx  |u M1000  |U MTF Materiálovotechnologická fakulta  |T MTF Ústav materiálov  |X 4174  |U M1000  |Y 81  |7 A000004174 
996 |b 284M075435  |c M*BP-2364  |l MMSKP  |s P  |a 0  |w stu132596_0001